| 000 | 00566nam a2200169 a 4500 | ||
|---|---|---|---|
| 005 | 20140412111304.0 | ||
| 008 | 010430s19uu xx 00 eng d | ||
| 020 | _a981-209-255-2 | ||
| 050 |
_aTR(PS E _bEm7 1996 |
||
| 100 | _aKoh, Paul | ||
| 245 |
_aEmperor's new clothes (The) / _cretold by Paul Koh; illustrated by Louis Lee, project & art editor, Sally Lee. |
||
| 260 |
_aSingapore : _bEarly Childhood Publications (International) Pte. Ltd, _c1996. |
||
| 300 | _a24p. ; ill. | ||
| 650 | _aChildren's stories | ||
| 650 | _aChildren's stories | ||
| 999 |
_c103560 _d103560 |
||